Szeged város közgyűlése befejezték a tanácskozást
Elmentve itt :
| Dokumentumtípus: | Cikk |
|---|---|
| Megjelent: |
1911-03-31
|
| Sorozat: | Délmagyarország
2 No. 74 |
| Kulcsszavak: | Lázár György, Taschler Endre, Tóth Mihály, Ferenczy Béla, Balogh Károly, Palócz László, Kormányos Benő, Becsey Károly, Kószó István, Kelemen Béla, Közgyűlés Szeged 1911, Közigazgatás Szeged 1911 |
| Online Access: | http://dmarchiv.bibl.u-szeged.hu/58803 |
| LEADER | 00630nab a2200145 i 4500 | ||
|---|---|---|---|
| 001 | delm58803 | ||
| 005 | 20180927144654.0 | ||
| 008 | 180927s1911 hu o 0|| hun d | ||
| 040 | |a SZTE Délmagyarország Archívum |b hun | ||
| 041 | |a hun | ||
| 245 | 0 | 0 | |a Szeged város közgyűlése |h [elektronikus dokumentum] : |b befejezték a tanácskozást |
| 260 | |c 1911-03-31 | ||
| 300 | |a 9 | ||
| 490 | 0 | |a Délmagyarország |v 2 No. 74 | |
| 695 | |a Lázár György, Taschler Endre, Tóth Mihály, Ferenczy Béla, Balogh Károly, Palócz László, Kormányos Benő, Becsey Károly, Kószó István, Kelemen Béla, Közgyűlés Szeged 1911, Közigazgatás Szeged 1911 | ||